Justicia y TIC (Registro nro. 307651)

Detalles MARC
000 -ENCABEZADO
Número de control [NR] 00801 a2200217 4500
005 - FECHA Y HORA DE LA ÚLTIMA TRANSACCIÓN
control field 20171025162154.0
008 - DE LONGITUD FIJA DE DATOS DE ELEMENTOS - INFORMACIÓN GENERAL
Elementos de longitud fija [NR] 171025s2017 ck |||||r|||| 00| 0 spa d
020 ## - NUMERO INTERNACIONAL NORMALIZADO PARA LIBROS [R]
Número Internacional Normalizado del libro [NR] 9789587675993
040 ## - FUENTE DE CATALOGACION [NR]
Agencia de catalogación original [NR] CO-BoUCM
Idioma de catalogación [NR] spa
Quien Cataloga Sandra Palacio
Quien Clasifica Sandra Palacio
041 0# - CODIGO DE IDIOMA [R]
Código de idioma para texto/pista de sonido o título separado [R] Español
245 10 - MENCION DE TITULO [NR]
Título [NR] Justicia y TIC
Parte restante del título [NR] perspectivas, avances y dasafíos
Mención de responsabilidad, etc. [NR] Rosario Córdoba Garcés ...[y otros]
260 ## - PUBLICACION, DISTRIBUCION, ETC. (PIE DE IMPRENTA) [R]
Nombre del editor, distribuidor, etc. [R] Legis
-- Certicámara
Fecha de publicación, distribución, etc. [R] 2017
Lugar de publicación, distribución, etc. [R] Bogotá (Colombia)
300 ## - DESCRIPCION FISICA [R]
Extensión [R] 216 páginas
650 17 - ASIENTO SECUNDARIO DE MATERIA - TERMINO TEMATICO [R]
9 (RLIN) 18195
Término temático o nombre geográfico como elemento de entrada [NR] Justicia
Subdivisión general [R] Administración
650 27 - ASIENTO SECUNDARIO DE MATERIA - TERMINO TEMATICO [R]
9 (RLIN) 7494
Término temático o nombre geográfico como elemento de entrada [NR] Derecho
650 27 - ASIENTO SECUNDARIO DE MATERIA - TERMINO TEMATICO [R]
9 (RLIN) 25136
Término temático o nombre geográfico como elemento de entrada [NR] Tecnología de la información
Subdivisión general [R] Procesos judiciales
700 1# - ASIENTO SECUNDARIO - NOMBRE PERSONAL [R]
Nombre personal [NR] Córdoba Garcés, Rosario
9 (RLIN) 87976
710 1# - ASIENTO SECUNDARIO - NOMBRE CORPORATIVO [R]
Nombre corporativo o de jurisdicción como elemento de entrada [NR] Pontificia Univesidad Javeriana
9 (RLIN) 87977
942 ## - ELEMENTOS DE ENTRADA AGREGADOS (KOHA)
Tipo de ítem principal el descrito en 300a Libro
Sistema de clasificación DEWEY
Tema principal Derecho
Edición 1
Clasificación 347
Parte restante de la signatura top. J967jt
Existencias
Fecha de último préstamo Total préstamos Total Renewals Signatura topográfica Código de barras Última vez visto Ejemplar Costo de reposición Price effective from Tipo de ítem Perdido Sistema de clasificación Dañado No prestable Tipo de ítem específico Suprimido Ubicación habitual Ubicación actual Localización Fecha de creación Proveedor Forma de adquisición Costo
27/08/2025 2 1 347 J967jt 100154429 09/12/2025 Ej.1 26000.00 13/10/2017 Libro   DEWEY     Libro   Claustro Claustro 3er piso 13/10/2017 12 Donación 0.00